000 01575nam a2200217Ia 4500
003 Ost
005 20260507074855.0
008 260507s9999||||xx |||||||||||||| ||und||
040 _cfsecg
041 _aara
082 _a332.1
100 _aالخضيري، محسن احمد
_eمؤلف
245 0 _aالإندماج المصرفي /
_c محسن احمد الخضيري
260 _aالاسكندرية:
_bالدار الجامعية,
_c2007
300 _a138 صفحة؛
_bإيضاحات ؛
_c23 سم
520 _aيضم سوق الاندماج المصرفي المصري، فلسفة وثقافة الدمج المصرفي، تعريف الاندماج المصرفي، أسباب الدمج، انواع الاندماج المصرفي، أهداف الدمج المصرفي، مراحل الاندماج المصرفي، طرق وكيفية تحقيق الاندماج المصرفي، مناهج الاندماج المصرفي؛ مزايا الاندماج المصرفي، شروط الاندماج المصرفي، ادارة عمليات الدمج المصرفي، آليات الدمج المصرفي، رسالة الدمج، متطلبات ومِكدات نجاح عمليات الدمج، محاذير الاندماج المصرفي، تكلفة الاندماج المصرفي؛ النتائج المترتبة على عمليات الدمج المصرفي، مابعد الامدماج، آفاق ومعايير جديدة للاندماج
653 _aالادارة
653 _aالبنوك
653 _aالتنظيم
942 _cكتاب
999 _c41609
_d41609